La familia en la investigación social en Chile

Guardado en:
Detalles Bibliográficos
Autor Corporativo: SERNAM (Autor)
Formato: Libro
Lenguaje:español
Publicado: Santiago SERNAM 1998
Colección:Documento, 56
Materias:
Etiquetas: Agregar Etiqueta
Sin Etiquetas, Sea el primero en etiquetar este registro!

MARC

LEADER 00000nam a2200000 a 4500
001 UCG0286
003 CL-VaPUC
008 100318e19980000CL |||||||||||||||||spa|d
082 0 4 |a 300.072  |b SER  |2 21 
110 2 |a SERNAM  |e author  |9 547659 
245 1 3 |a La familia en la investigación social en Chile 
300 |a 108 p 
942 |c BK 
945 |d 20100318 00:00:00  |a rbrito 
260 |a Santiago  |b SERNAM  |c 1998 
650 0 |a Investigación social   |9 307814 
650 0 |a Familias   |9 255641 
650 0 |a Derecho de familia  |9 255603 
650 0 |a Trabajo social   |9 307856 
583 |a last modification  |c 20100318 00:00:00  |k Rodrigo Vera 
490 0 |a Documento, 56 
999 |c 339972  |d 339970 
952 |0 0  |1 0  |4 0  |6 300_072000000000000_SER_1998  |7 0  |8 A  |9 434256  |a BIBGIM  |b BIBGIM  |d 2019-11-22  |i 4651537  |o 300.072 SER 1998  |p 4651537  |r 2025-01-15  |w 2019-11-22  |y BK  |k GIM